Cryptography and Network Security / (Record no. 180195)
[ view plain ]
| 000 -LEADER | |
|---|---|
| fixed length control field | 00949 a2200193 4500 |
| 003 - CONTROL NUMBER IDENTIFIER | |
| control field | Nust |
| 005 - DATE AND TIME OF LATEST TRANSACTION | |
| control field | 20230608102540.0 |
| 020 ## - INTERNATIONAL STANDARD BOOK NUMBER | |
| International Standard Book Number | 0070494835 |
| 040 ## - CATALOGING SOURCE | |
| Transcribing agency | Nust |
| 082 ## - DEWEY DECIMAL CLASSIFICATION NUMBER | |
| Classification number | 005.8,KAH |
| 100 ## - MAIN ENTRY--PERSONAL NAME | |
| Personal name | Kahte, Atul |
| 9 (RLIN) | 113084 |
| 245 ## - TITLE STATEMENT | |
| Title | Cryptography and Network Security / |
| Statement of responsibility, etc. | Atul Kahte, |
| 260 ## - PUBLICATION, DISTRIBUTION, ETC. | |
| Place of publication, distribution, etc. | India |
| Name of publisher, distributor, etc. | Tata McGraw Hill |
| Date of publication, distribution, etc. | 2003. |
| 300 ## - PHYSICAL DESCRIPTION | |
| Extent | xxii,435p |
| 505 ## - FORMATTED CONTENTS NOTE | |
| Formatted contents note | Introduction to the Concepts of Security (Page-1), Cryptographic Techniques (Page-28), Computer Based Symmetric Key Cryptographic Algorithms (Page-63), Computer Based Asymmetric Key Cryptographic Algorithms (Page-112), Public Key Infrastructure PKI (Page-161), Internet Security Protocols (Page-211), User Authentication Mechanisms (Page-271), Practical Implementations of Cryptography / Security (Page-314), Network Security (Page-322), Case Study on Cryptography and Security (Page-371). |
| 600 ## - SUBJECT ADDED ENTRY--PERSONAL NAME | |
| Personal name | ATUL KAHATE |
| 9 (RLIN) | 113085 |
| 650 ## - SUBJECT ADDED ENTRY--TOPICAL TERM | |
| Topical term or geographic name entry element | CRYPTOGRAPHY |
| 942 ## - ADDED ENTRY ELEMENTS (KOHA) | |
| Source of classification or shelving scheme | |
| Koha item type | Book Bank |
| Withdrawn status | Lost status | Source of classification or shelving scheme | Damaged status | Not for loan | Permanent Location | Current Location | Shelving location | Date acquired | Full call number | Barcode | Date last seen | Price effective from | Koha item type | Public note |
|---|---|---|---|---|---|---|---|---|---|---|---|---|---|---|
| Military College of Signals (MCS) | Military College of Signals (MCS) | General Stacks | 12/12/2016 | 005.8,KAH | MCS32576 | 12/08/2016 | 12/12/2016 | Book Bank | Almirah No.9, Shelf No.1 |
